Tofu - sójový syr

Bibliographic Details
Main Authors: Kern, Bohumil ml (Author), Hučko, Milan (Author)
Other Authors: Mäčková, Jana (Illustrator)
Format: Book
Language:Slovak
PhysicalDescription:50 strán ilustrácie 21 cm
Published: Vrútky Vega 1993
ISBN:8085578131
Edition:1. vyd.
Series:Receptár zdravej výživy
Subjects:

MARC

LEADER 00000cam a2200000 a 4500
001 vtls001074329
003 SK-MaSNL
005 20260302030703.0
008 240226s1993 xo a grf 000 0 slo
015 |a SNBA1994/03 
020 |a 8085578131  |q (brožované) 
035 |a SNK000017161 
035 |a 7AF719FE-9649-4243-AF76-C865FA10FD92 
035 |a urn:nbn:sk:snk-am00ikkc 
040 |a SNK  |b slo  |c SNK  |e AACR2 
041 0 |a slo 
044 |a xo  |c SK 
072 7 |a 641  |x Kuchárstvo. Potraviny. Varené jedlá  |2 konspekt 
080 |a 641.564(083.12)  |2 1997 
080 |a 641.55:637.38  |2 2011 
080 |a 641.55:635.655  |2 2011 
080 |a (083.12)  |2 2011 
080 |a (035)  |2 2011 
100 1 |a Kern, Bohumil  |c ml.  |4 aut  |9 496909 
245 1 0 |a Tofu - sójový syr  |c [Bohumil Kern ml., Milan Hučko ; ilustrovala Jana Mäčková] 
250 |a 1. vyd. 
260 |a Vrútky  |b Vega  |c 1993 
300 |a 50 strán  |b ilustrácie  |c 21 cm 
490 1 |a Receptár zdravej výživy 
650 0 7 |a tofu  |2 SNKPH  |9 25832 
650 0 7 |a sójové jedlá  |2 SNKPH  |9 246025 
655 7 |a kuchárske recepty  |2 SNKPH  |9 70493 
655 7 |a príručky  |2 SNKPH  |9 74364 
700 1 |a Hučko, Milan  |4 aut  |9 354770 
700 1 |a Mäčková, Jana  |4 ill  |9 572786 
830 0 |a Receptár zdravej výživy  |9 519756 
852 |a Slovenská národná knižnica 
919 |a 80-85578-13-1 
954 |a iná literatúra (príručky, kuchárske knihy, hobby literatúra, sprievodcovia) pôvodná (slovenská)  |2 lita 
958 |a APR 
958 |a TL 
958 |a OND 
958 |a EUIPO 
999 |c 1048613  |d 1050543 
952 |a SNK  |b SNK  |y VYP  |7 0  |p 17A1345241  |o snkSC 85377 D1  |i snkKSP 2141/94  |0 0  |1 0  |4 0  |d 1998-02-13  |l 0  |r 2004-12-31 00:00:00  |w 2026-02-24 
952 |a SNK  |b SNK  |y PREZ  |7 0  |p 17A0996539  |o snkSC 85377  |i snkKSP 2140/94  |0 0  |1 0  |4 0  |d 2012-08-15  |f 1  |l 0  |r 2025-08-27 00:00:00  |w 2026-02-24